00552nam a2200193Ii 450000100060000000300090000600800410001502000150005604000330007104100080010408200240011210000190013624500460015526400640020130000120026533600260027733700280030333800270033113328CO-ViMGA241108s9999||||xx |||||||||||||| ||und|| a9582004037 aCO-ViMGAbspaerdacCO-ViMGA0 aspa04aF.FC Co863.6 - R31c1 aRené Rebetez10aCuentos de amor, Terror y otros misterios 1aBogotá, Colombia : Cooperativa Editorial Magisterio, 1998 avolumen atextbtxt2rdacontent aunmediatedbn2rdamedia avolumebnc2rdacarrier